Szczegóły MARC21
Smart working : creating the next wave /
-
- @
- pole kontrolne
- 20140224122345.0
-
- a
- Instytucja, która sporządziła opis (NP)
- SZCZ U/SA
-
- c
- Instytucja, która sporządziła rekord (NP)
- SZCZ U/SA
-
- d
- Instytucja, która zmodyfikowała rekord (P)
- SZCZ U/ML
-
- a
- Język tekstu (P)
- angielski
-
- a
- Kraj miejsca wydania
- Wielka Brytania
-
- a
- Kraj miejsca wydania
- USA
-
- c
- Rodzaj dokumentu
- Książka
-
- 9
- KHW
- 66679
-
- a
- Nazwa osobowa (NP)
- McEwan, Anne Marie.
-
- a
- Miejsce wydania (P)
- Farnham ;
-
- a
- Miejsce wydania (P)
- Burlington :
-
- b
- Nazwa wydawcy (P)
- Gower,
-
- c
- Data wydania (P)
- cop. 2013.
-
- a
- Określenie formy książki i/lub objętość (NP)
- XII, 272 s. ;
-
- c
- Format (NP)
- 25 cm.
-
- a
- Uwaga dot. bibliografii załącznikowej
- Bibliogr. s. 245-266. Indeks.
-
- 2
- Identyfikator wydania tablic
- UDC-P058
-
- 9
- UKD
- 2174
-
- a
- Symbol klasyfikacji
- 005.336.1
-
- b
- Dopowiedzenie
- Zarządzanie. Efektywność. Skuteczność.
-
- 4
- UKD2
- 7644
-
- x
- Poddział wspólny
- =111
-
- c
- Dopowiedzenie poddz. wspólnego
- =Język angielski.
-
- 2
- Identyfikator wydania tablic
- UDC-P058
-
- 9
- UKD
- 2225
-
- a
- Symbol klasyfikacji
- 005.94
-
- b
- Dopowiedzenie
- Zarządzanie. Zarządzanie wiedzą.
-
- 4
- UKD2
- 7644
-
- x
- Poddział wspólny
- =111
-
- c
- Dopowiedzenie poddz. wspólnego
- =Język angielski.
-
- 2
- Identyfikator wydania tablic
- UDC-P058
-
- 9
- UKD
- 2229
-
- a
- Symbol klasyfikacji
- 005.95/.96
-
- b
- Dopowiedzenie
- Zarządzanie. Zarządzanie personelem. Zarządzanie zasobami ludzkimi. Mentoring.
-
- 4
- UKD2
- 7644
-
- x
- Poddział wspólny
- =111
-
- c
- Dopowiedzenie poddz. wspólnego
- =Język angielski.
-
- a
- UKD
- 005.336.1:005.94:005.95/.96]=111
-
- 4
- Kod relacji
- pbl
-
- 9
- KHW
- 66143
-
- a
- Nazwa ciała zbiorowego lub nazwa geograficzna jako pierwszy element (NP)
- Gower Publishing.
| 005 -DATA I CZAS OSTATNIEJ MODYFIKACJI [,] |
|
|---|---|
| 020 -Międzynarod. znormalizowany nr książki - ISBN [ , ] | |
| 020 -Międzynarod. znormalizowany nr książki - ISBN [ , ] | |
| 040 -Instytucja sporządzająca opis [ , ] |
|
| 041 -Język dokumentu [0, ] |
|
| 044 -Kraj miejsca wydania [ , ] |
|
| 942 -Rodzaj dokumentu [ , ] |
|
| 100 -Hasło główne - nazwa osobowa [1, ] |
|
| 245 -Strefa tytułu i oznaczenia odpowiedzialności [1,0] | |
| 260 -Strefa adresu wydawniczego [ , ] |
|
| 300 -Strefa opisu fizycznego [ , ] |
|
| 504 -Uwaga dot. bibliogr. załącznikowej [ , ] |
|
| 080 -Uniwersalna Klasyfikacja Dziesiętna [ , ] |
|
| 080 -Uniwersalna Klasyfikacja Dziesiętna [ , ] |
|
| 080 -Uniwersalna Klasyfikacja Dziesiętna [ , ] |
|
| 980 -Symbol UKD [ , ] |
|
| 710 -Hasło dodatkowe - nazwa ciała zbiorowego [2, ] |
|
| 920 -ISBN [ , ] | |
| 920 -ISBN [ , ] | |
| Data inwentaryzacji | Lokalizacja | Numer inwentarzowy | Status udost. |
|---|---|---|---|
| 2013-12-09 | T | T.13953 | -2 |
| 2014-03-05 | T | TM.10771 | -2 |